Do what you are : discovering your perfects carreer for you through the secrets of personality type

Bibliographic Details
Main Author: Tieger, Paul D.
Other Authors: Barron-Tieger, Barbara
Format: Book
Published: New York : Little Brown and Company , 2001
Edition:3rd ed
Subjects:

MARC

LEADER 00000cam a2200000 7i4500
001 0000010343
005 20220530.0
020 |a 0316880655 
040 |a INS 
090 0 0 |a BF698.9.O3   |b T54 2001 
100 1 |a Tieger, Paul D. 
245 1 0 |a Do what you are :   |b discovering your perfects carreer for you through the secrets of personality type   |c Paul D. Tiegar, Barbara Barron-Tieger 
250 |a 3rd ed 
260 |a New York :   |b Little Brown and Company ,   |c 2001 
300 |a xviii, 386p. ;   |c 23cm. 
504 |a Includes bibliographical references and index 
650 0 |a Myers-Briggs Type Indicator 
650 0 |a Personality and occupation 
650 0 |a Vacational guidance 
700 1 |a Barron-Tieger, Barbara 
999 |a 0000009040   |b BOOK   |c Open Shelf   |e Default branch